| 000 | 00881cam a2200289 a 4500 | ||
|---|---|---|---|
| 999 |
_c9511 _d9511 |
||
| 001 | 9511 | ||
| 003 | BD-JhCC | ||
| 005 | 20190301134006.0 | ||
| 008 | 940204s1994 scua b 001 0beng | ||
| 020 | _a97808112975703 | ||
| 035 | _a(BD-JhCC)9511 | ||
| 040 |
_aDLC _cDLC _dDLC _dBD-JhCC |
||
| 041 | _aeng | ||
| 050 | 0 | 0 |
_aE457.5 _b.R29 1994 |
| 082 | 0 | 0 |
_a973.7/092 _aB _220 |
| 100 | 1 |
_aWHITE, RONALD C _d1903- |
|
| 245 | 1 | 0 |
_aA. Lincoln : _ba biography / _cRONALD C WHITE |
| 250 | _a1st pbk. ed. | ||
| 260 |
_aColumbia, SC : _bUniversity of South Carolina Press, _c1994. |
||
| 300 |
_avii, 796 p. : _bill. ; _c23 cm. |
||
| 504 | _aIncludes bibliographical references (p. 199-221) and index. | ||
| 600 | 1 | 0 |
_aLincoln, Abraham, _d1809-1865 _xAssassination. |
| 650 | 0 |
_aPresidents _zUnited States _xBiography. |
|
| 740 | 0 | _aAbraham Lincoln. | |
| 942 |
_2ddc _cBK _02 |
||